00501nam a22001817a 450000500170000001000130001702000220003003500130005203700160006508200130008110000200009424500500011426000440016427000450020830000270025365000210028065000180030120181218105548.0 aB-024056 c65.00a0876924909 aB-024056 bCen Lib/Ret a382bKIR aKirpalani, V.H. aInternational marketing /cby V. H. Kirpalani aNew DelhibPrentice-Hall of Indiac1984 aM-97,Connaught CircusbNew Delhie110001 axvii, 590p. c22cm(Hb) aExport marketing aGlobalization